000
00217nam a22001097a 4500
100
_a
Upadhay
245
_a
mathematics class X
250
_a
2014
260
_b
S.K. kataria & sons
300
_a
1021
942
_2
ddc
_c
BK
999
_c
12973
_d
12973